The Rise and Fall of Arab Presidents for Life / (Record no. 17205)
[ view plain ]
| 000 -LEADER | |
|---|---|
| fixed length control field | 01705cam a2200325 a 4500 |
| 001 - CONTROL NUMBER | |
| control field | 17037754 |
| 005 - DATE AND TIME OF LATEST TRANSACTION | |
| control field | 20160510112429.0 |
| 008 - FIXED-LENGTH DATA ELEMENTS--GENERAL INFORMATION | |
| fixed length control field | 111107s2012 mauab b 001 0 eng |
| 010 ## - LIBRARY OF CONGRESS CONTROL NUMBER | |
| LC control number | 2011045764 |
| 020 ## - INTERNATIONAL STANDARD BOOK NUMBER | |
| International Standard Book Number | 9780674065833 (alk. paper) |
| 082 00 - DEWEY DECIMAL CLASSIFICATION NUMBER | |
| Classification number | 352.2309174927 |
| Edition number | 23 |
| Item number | OWE |
| 100 1# - MAIN ENTRY--PERSONAL NAME | |
| Personal name | Owen, Roger, |
| Dates associated with a name | 1935- |
| 9 (RLIN) | 29466 |
| 245 14 - TITLE STATEMENT | |
| Title | The Rise and Fall of Arab Presidents for Life / |
| Statement of responsibility, etc | Roger Owen. |
| 260 ## - PUBLICATION, DISTRIBUTION, ETC. (IMPRINT) | |
| Place of publication, distribution, etc | Cambridge, Mass. : |
| Name of publisher, distributor, etc | Harvard University Press, |
| Date of publication, distribution, etc | 2012. |
| 300 ## - PHYSICAL DESCRIPTION | |
| Extent | xi, 248 p. : |
| Other physical details | ill., map ; |
| Dimensions | 22 cm. |
| 504 ## - BIBLIOGRAPHY, ETC. NOTE | |
| Bibliography, etc | Includes bibliographical references (p. 217-226) and index. |
| 505 0# - FORMATTED CONTENTS NOTE | |
| Formatted contents note | The search for sovereignty in an insecure world -- The origins of the presidential security state -- Basic components of the regimes -- Centralized state systems in Tunisia, Syria, Egypt, and Algeria -- Presidents as managers in Sudan, Libya, and Yemen -- Constrained presidencies in Lebanon and Iraq after Hussein -- The monarchical security states of Jordan, Morocco, Bahrain, and Oman -- The politics of succession -- The question of Arab exceptionalism -- The sudden fall. |
| 650 #0 - SUBJECT ADDED ENTRY--TOPICAL TERM | |
| Topical term or geographic name as entry element | Presidents |
| Geographic subdivision | Arab countries |
| General subdivision | History. |
| 9 (RLIN) | 32300 |
| 650 #0 - SUBJECT ADDED ENTRY--TOPICAL TERM | |
| Topical term or geographic name as entry element | Presidents |
| Geographic subdivision | Middle East |
| General subdivision | History. |
| 9 (RLIN) | 32301 |
| 650 #0 - SUBJECT ADDED ENTRY--TOPICAL TERM | |
| Topical term or geographic name as entry element | Monarchy |
| Geographic subdivision | Arab countries. |
| 9 (RLIN) | 32302 |
| 650 #0 - SUBJECT ADDED ENTRY--TOPICAL TERM | |
| Topical term or geographic name as entry element | Monarchy |
| Geographic subdivision | Middle East. |
| 9 (RLIN) | 32303 |
| 650 #0 - SUBJECT ADDED ENTRY--TOPICAL TERM | |
| Topical term or geographic name as entry element | Authoritarianism |
| Geographic subdivision | Arab countries. |
| 9 (RLIN) | 32304 |
| 651 #0 - SUBJECT ADDED ENTRY--GEOGRAPHIC NAME | |
| Geographic name | Arab countries |
| General subdivision | Politics and government |
| Chronological subdivision | 1945- |
| 9 (RLIN) | 32306 |
| 651 #0 - SUBJECT ADDED ENTRY--GEOGRAPHIC NAME | |
| Geographic name | Middle East |
| General subdivision | Politics and government |
| Chronological subdivision | 1945- |
| 9 (RLIN) | 32307 |
| 651 #0 - SUBJECT ADDED ENTRY--GEOGRAPHIC NAME | |
| Geographic name | Arab countries |
| General subdivision | Kings and rulers. |
| 9 (RLIN) | 32308 |
| 651 #0 - SUBJECT ADDED ENTRY--GEOGRAPHIC NAME | |
| Geographic name | Middle East |
| General subdivision | Kings and rulers. |
| 9 (RLIN) | 32309 |
| 653 ## - INDEX TERM--UNCONTROLLED | |
| Resource For college | |
| Arrived date list | January2013 |
| 650 #0 - SUBJECT ADDED ENTRY--TOPICAL TERM | |
| 9 (RLIN) | 32305 |
| Topical term or geographic name as entry element | Authoritarianism |
| Geographic subdivision | Middle East |
| 942 ## - ADDED ENTRY ELEMENTS (KOHA) | |
| Source of classification or shelving scheme | Dewey Decimal Classification |
| Item type | Book - Borrowing |
| Withdrawn status | Item status | Source of classification or shelving scheme | Damaged status | Not for loan | Vendor | Home library | Current library | Shelving location | Date acquired | Source of acquisition | Cost, normal purchase price | Serial Enumeration / chronology | Total Checkouts | Total Renewals | Full call number | Barcode | Date last seen | Date last borrowed | Koha item type |
|---|---|---|---|---|---|---|---|---|---|---|---|---|---|---|---|---|---|---|---|
| Dewey Decimal Classification | THe Middle East Observer | Central Library | Central Library | First floor | 31/01/2013 | 249.00 | 001341 | 6 | 10 | 352.2309174927 OWE | 000027968 | 15/07/2025 | 24/02/2016 | Book - Borrowing |